| 000 | 00569nam a2200205 a 4500 | ||
|---|---|---|---|
| 005 | 20210223121857.0 | ||
| 008 | 991125s1989 mx 000 0 spa u | ||
| 020 | _a9688871222 | ||
| 035 | _aUPN01000025252 | ||
| 049 | _aCG | ||
| 050 | 4 |
_aHF5548.4 F7 _bS4.3a |
|
| 100 | 1 | _aSegarra, Dolors | |
| 245 | 1 | 0 |
_aFramework II / _cDolors Segarra, Javier Gayán. |
| 260 |
_aMéxico : _bG. Gili, _c1989. |
||
| 300 | _a76 p. | ||
| 440 | 0 | _aMinimanuales G.G. | |
| 650 | 4 |
_aFRAMEWORK II (PROGRAMA PARA COMPUTADORA) _910699 |
|
| 700 | 1 |
_aGayán, Javier, _ecoaut. |
|
| 905 | _aLibro | ||
| 999 |
_c25252 _d25252 |
||